|
|
|
|
| LEADER |
00893nnm a2200265 i 4500 |
| 001 |
eta5406 |
| 005 |
20210406103808.0 |
| 008 |
210406s2020 hu o 0|| eng d |
| 040 |
|
|
|a SZTE Elektronikus Tananyag Archívum
|b hun
|
| 041 |
|
|
|a eng
|
| 100 |
1 |
|
|a Balogh Dániel
|
| 245 |
1 |
0 |
|a Physiology of the menstrual cycle
|h [elektronikus dokumentum] /
|c Balogh Dániel
|
| 260 |
|
|
|c 2020
|
| 300 |
|
|
|a 34
|
| 516 |
|
|
|a Presentation
|
| 650 |
|
4 |
|a Orvos- és egészségtudomány
|
| 650 |
|
4 |
|a Klinikai orvostan
|
| 650 |
|
4 |
|a Szülészet és nőgyógyászat
|
| 650 |
|
4 |
|a Nőgyógyászat
|
| 695 |
|
|
|a nőgyógyászat
|
| 700 |
0 |
1 |
|a Németh Gábor
|
| 700 |
0 |
1 |
|a Wellinger Károly
|e aut
|
| 700 |
0 |
1 |
|a Nógrády Miklós
|e aut
|
| 700 |
0 |
1 |
|a Molnár András
|e aut
|
| 856 |
4 |
0 |
|u https://eta.bibl.u-szeged.hu/5406/1/diasor_molnar_andras_et_al_eng_physiology_of_the_menstrual_cycle_20201103.pdf
|z Dokumentum-elérés
|